Quantitation in the solid-state 13C NMR analysis of soil and organic soil fractions /
Spremljeno u:
| Glavni autor: | |
|---|---|
| Daljnji autori: | |
| Format: | Članak |
| Jezik: | English |
| Teme: | |
| Oznake: |
Dodaj oznaku
Bez oznaka, Budi prvi tko označuje ovaj zapis!
|
| Thư viện lưu trữ: | Thư viện Trường Đại học Đà Lạt |
|---|
| LEADER | 00960nam a2200325 4500 | ||
|---|---|---|---|
| 001 | DLU090097039 | ||
| 005 | ##20091201 | ||
| 040 | # | # | |a DLU |b eng |
| 041 | # | # | |a eng |
| 044 | # | # | |a us |
| 100 | # | # | |a Keeler, Camille. |
| 245 | # | # | |a Quantitation in the solid-state 13C NMR analysis of soil and organic soil fractions / |c Camille Keeler, Gary E. Maciel. |
| 653 | # | # | |a Electron paramagnetic resonance |
| 653 | # | # | |a Fulvic acids |
| 653 | # | # | |a Humic acids |
| 653 | # | # | |a Hydrofluoric acids |
| 653 | # | # | |a NMR spectrometry |
| 653 | # | # | |a Soil |
| 653 | # | # | |a Solid state |
| 700 | # | # | |a Maciel, Gary E. |
| 773 | # | # | |t Analytical Chemistry |g Vol. 75, no. 10 (May 2003), p. 2421-2432 |
| 920 | # | # | |a Phòng Tạp chí -- Trung tâm Thông tin - Thư viện Trường Đại học Đà Lạt |
| 994 | # | # | |a DLU |
| 900 | # | # | |a True |
| 911 | # | # | |a Trương Bảo Trâm Anh |
| 925 | # | # | |a G |
| 926 | # | # | |a A |
| 927 | # | # | |a BB |
| 980 | # | # | |a Thư viện Trường Đại học Đà Lạt |